Books of the Bible - No Vowels #2 - Statistics

General Stats
  • This quiz has been taken 37 times
  • The average score is 17 of 21
Answer Stats
Hint Book of the Bible % Correct
HBRWS Hebrews
100%
PSLMS Psalms
100%
2 KNGS 2 Kings
97%
LK Luke
97%
RMNS Romans
97%
1 CHRNCLS 1 Chronicles
94%
JDGS Judges
94%
LVTCS Leviticus
94%
1 PTR 1 Peter
91%
JMS James
89%
GLTNS Galatians
86%
2 THSSLNS 2 Thessalonians
80%
ZKL Ezekiel
80%
MLCH Malachi
77%
PHSNS Ephesians
69%
ZPHNH Zephaniah
69%
CTS Acts
66%
CLSSNS Colossians
66%
TTS Titus
63%
HBKKK Habakkuk
57%
JL Joel
51%
No matching quizzes found
Score Distribution
Percent of People with Each Score
Percentile by Number Answered
Your Score History
You have not taken this quiz